[Event "NB2 Breyer csoport"]
[Site "Budapest"]
[Date "2024.11.17"]
[Round "2.8"]
[White "Boros, Krisztian Levente"]
[Black "Meszaros, Vilmos"]
[Result "1-0"]
[WhiteElo "2053"]
[BlackElo "1814"]
[PlyCount "97"]
[EventDate "2024.11.03"]
[EventType "team-tourn"]
[EventRounds "9"]
[EventCountry "HUN"]
[Source "chess.hu"]
[SourceDate "2024.11.17"]
[WhiteTeam "MTK Budapest II."]
[BlackTeam "NYVSE"]
[WhiteTeamCountry "HUN"]
[BlackTeamCountry "HUN"]

1. e4 Nf6 2. Nc3 d5 3. exd5 Nxd5 4. Bc4 e6 5. Qf3 c6 6. a3 Nd7 7. d4 Qf6 8.
Nce2 Qxf3 9. Nxf3 Be7 10. O-O O-O 11. Re1 b5 12. Ba2 N7b6 13. b4 a5 14. c3 axb4
15. axb4 Bb7 16. Bd2 Bf6 17. Bb3 h6 18. Ra5 g5 19. Rea1 Kg7 20. Ng3 g4 21. Ne1
Nc4 22. Bxc4 bxc4 23. Nc2 Kg6 24. Ra7 Rab8 25. Na3 Bg5 26. Bxg5 hxg5 27. Rc1
Ra8 28. Rxa8 Rxa8 29. Nxc4 Ra7 30. Ne5+ Kg7 31. Nxg4 f5 32. Ne5 f4 33. Ne4 Ra3
34. h3 Ba6 35. Nxc6 Bd3 36. Nxg5 Nxc3 37. Nxe6+ Kf6 38. Nxf4 Kf5 39. g3 Be4 40.
Na5 Bd5 41. Re1 Be4 42. Nc4 Ra6 43. b5 Nxb5 44. f3 Nxd4 45. fxe4+ Kg5 46. Rd1
Nb3 47. Rd6 Ra1+ 48. Kf2 Ra2+ 49. Ke3 1-0

[Event "NB2 Breyer csoport"]
[Site "Budapest"]
[Date "2024.11.17"]
[Round "2.9"]
[White "Toth, Kalman"]
[Black "Kaloczi, Kristof"]
[Result "0-1"]
[WhiteElo "1715"]
[BlackElo "2073"]
[PlyCount "118"]
[EventDate "2024.11.03"]
[EventType "team-tourn"]
[EventRounds "9"]
[EventCountry "HUN"]
[Source "chess.hu"]
[SourceDate "2024.11.17"]
[WhiteTeam "NYVSE"]
[BlackTeam "MTK Budapest II."]
[WhiteTeamCountry "HUN"]
[BlackTeamCountry "HUN"]

1. e4 c5 2. Bc4 e6 3. Nc3 Nc6 4. Nf3 a6 5. a4 Nf6 6. O-O d5 7. exd5 exd5 8.
Re1+ Be7 9. Bf1 O-O 10. d3 Bg4 11. h3 Bh5 12. g4 Bg6 13. Bg2 d4 14. Ne2 Bd6 15.
Bf4 Re8 16. Bxd6 Qxd6 17. Ng3 Nd5 18. Qd2 Nf4 19. Rxe8+ Rxe8 20. Bf1 Nb4 21.
Nh4 Nbd5 22. Re1 Re5 23. Nf3 Rxe1 24. Qxe1 f6 25. Ne4 Qe7 26. Ng3 Qxe1 27. Nxe1
b6 28. Bg2 Nxg2 29. Kxg2 Nf4+ 30. Kh2 Be8 31. b3 Bc6 32. Nf5 Kf7 33. f3 Nd5 34.
Nd6+ Ke6 35. Nc4 b5 36. axb5 axb5 37. Nd2 Nc3 38. Kg3 g6 39. Kf2 Nd1+ 40. Ke2
Nc3+ 41. Kf1 f5 42. Ng2 Nd5 43. Kf2 Ke5 44. Nf1 Nf4 45. Nxf4 Kxf4 46. Nd2 Bd5
47. gxf5 gxf5 48. Ke2 Kg3 49. Nf1+ Kg2 50. Nd2 Kxh3 51. Kf2 Kh4 52. Nf1 h5 53.
Ng3 Kg5 54. Ne2 b4 55. Kg3 h4+ 56. Kg2 h3+ 57. Kg3 h2 58. f4+ Kh5 59. Kxh2 Kg4
0-1

[Event "NB2 Breyer csoport"]
[Site "Budapest"]
[Date "2024.11.17"]
[Round "2.10"]
[White "Berta, Sandor"]
[Black "Forgacs, Arpad"]
[Result "1-0"]
[WhiteElo "2081"]
[BlackElo "1719"]
[PlyCount "119"]
[EventDate "2024.11.03"]
[EventType "team-tourn"]
[EventRounds "9"]
[EventCountry "HUN"]
[Source "chess.hu"]
[SourceDate "2024.11.17"]
[WhiteTeam "MTK Budapest II."]
[BlackTeam "NYVSE"]
[WhiteTeamCountry "HUN"]
[BlackTeamCountry "HUN"]

1. g3 d5 2. Bg2 Nf6 3. c4 c6 4. d4 Bf5 5. Nf3 e6 6. O-O Bd6 7. b3 Nbd7 8. Bb2
O-O 9. Nbd2 Re8 10. Ne5 Bxe5 11. dxe5 Ng4 12. e4 dxe4 13. Nxe4 Bxe4 14. Qxg4
Bxg2 15. Kxg2 Qc7 16. Rfe1 Rad8 17. Qh4 Nc5 18. Bd4 Nd3 19. Red1 Nb4 20. Bc5
Rxd1 21. Rxd1 Nxa2 22. Qd4 b6 23. Bd6 c5 24. Bxc7 cxd4 25. Rxd4 Nb4 26. Rd7 Nc6
27. Bd6 Na5 28. Rxa7 Nxb3 29. Bb4 Rc8 30. Ra3 Nc5 31. Bxc5 bxc5 32. Kf3 g6 33.
Ke4 Rd8 34. Rd3 Ra8 35. f4 Ra4 36. Rc3 Kf8 37. h3 Ke7 38. g4 h6 39. f5 gxf5+
40. gxf5 f6 41. fxe6 Kxe6 42. exf6 Ra1 43. Rf3 Re1+ 44. Kd3 Rd1+ 45. Kc2 Rd7
46. Kb3 Kf7 47. Ka4 Rb7 48. Ka5 Rb4 49. Rf4 h5 50. h4 Rb3 51. Rf5 Rh3 52. Rxh5
Kxf6 53. Kb5 Kg6 54. Re5 Rxh4 55. Kxc5 Kf6 56. Re1 Rh2 57. Kc6 Rc2 58. c5 Rc3
59. Kd6 Rd3+ 60. Kc7 1-0

[Event "NB2 Breyer csoport"]
[Site "Budapest"]
[Date "2024.11.17"]
[Round "2.11"]
[White "Schreck, Daniel"]
[Black "Molnar, Aurel Jr"]
[Result "0-1"]
[WhiteElo "1588"]
[BlackElo "2071"]
[PlyCount "80"]
[EventDate "2024.11.03"]
[EventType "team-tourn"]
[EventRounds "9"]
[EventCountry "HUN"]
[Source "chess.hu"]
[SourceDate "2024.11.17"]
[WhiteTeam "NYVSE"]
[BlackTeam "MTK Budapest II."]
[WhiteTeamCountry "HUN"]
[BlackTeamCountry "HUN"]

1. e4 c5 2. c4 Nc6 3. Nc3 g6 4. g3 Bg7 5. Bg2 e6 6. Nge2 Nge7 7. O-O O-O 8. d3
Nd4 9. Rb1 b6 10. a3 Bb7 11. b4 d6 12. f4 Qc7 13. Be3 Nec6 14. Qd2 Rfd8 15. h3
Nxe2+ 16. Nxe2 Nd4 17. Nc3 f5 18. exf5 Nxf5 19. Bf2 Bxg2 20. Kxg2 d5 21. cxd5
cxb4 22. Nb5 Qb7 23. Qxb4 Rxd5 24. Qe4 a6 25. Qxe6+ Kh8 26. Qxb6 Qxb6 27. Bxb6
axb5 28. Rb3 Bd4 29. Bxd4+ Nxd4 30. Rc3 Re8 31. Rc7 Nf5 32. Rf3 Ne3+ 33. Kf2
Rxd3 34. Rb7 Nd1+ 35. Kg2 Rd2+ 36. Kf1 Ne3+ 37. Kg1 Rc8 38. Rb8 Rxb8 39. Rxe3
Rc8 40. Rf3 Rc1+ 0-1

[Event "NB2 Breyer csoport"]
[Site "Budapest"]
[Date "2024.11.17"]
[Round "2.12"]
[White "Szakolczai, Alex"]
[Black "Remenyi, Kristof"]
[Result "1-0"]
[WhiteElo "1870"]
[BlackElo "1543"]
[PlyCount "107"]
[EventDate "2024.11.03"]
[EventType "team-tourn"]
[EventRounds "9"]
[EventCountry "HUN"]
[Source "chess.hu"]
[SourceDate "2024.11.17"]
[WhiteTeam "MTK Budapest II."]
[BlackTeam "NYVSE"]
[WhiteTeamCountry "HUN"]
[BlackTeamCountry "HUN"]

1. d4 f5 2. e4 fxe4 3. Nc3 Nf6 4. Bg5 e6 5. Nxe4 Be7 6. Bxf6 Bxf6 7. Nf3 O-O 8.
c3 b6 9. Bd3 Bb7 10. Qc2 h6 11. O-O c5 12. dxc5 bxc5 13. Nxc5 Bxf3 14. gxf3 Qc7
15. Be4 Nc6 16. Rad1 Qf4 17. Qd2 Qxd2 18. Rxd2 Rad8 19. Rxd7 Rxd7 20. Nxd7 Rc8
21. Rd1 Ne5 22. Nxe5 Bxe5 23. Rd7 Rb8 24. Rb7 Rd8 25. Rxa7 Rd2 26. Bg6 Kf8 27.
Rf7+ Kg8 28. Re7 Bd6 29. Rxe6 Bc5 30. Re8+ Bf8 31. Rb8 Rd6 32. Bc2 Kf7 33. Bb3+
Ke7 34. a4 Rd2 35. Bc4 Kd7 36. Rxf8 Rxb2 37. Rf7+ Kc6 38. Rxg7 Rb1+ 39. Kg2 Rc1
40. Bb5+ Kb6 41. c4 h5 42. Rh7 Rd1 43. Rxh5 Rd8 44. c5+ Ka7 45. Rh7+ Kb8 46. c6
Rg8+ 47. Kf1 Ka8 48. c7 Kb7 49. Bd7 Ka8 50. Bc6+ Ka7 51. c8=Q+ Kb6 52. Rb7+ Ka5
53. Qc7+ Ka6 54. Bb5# 1-0

[Event "NB2 Breyer csoport"]
[Site "Budapest"]
[Date "2024.11.17"]
[Round "2.1"]
[White "Kecskes, Gabor"]
[Black "Grimm, Daniel"]
[Result "0-1"]
[WhiteElo "2035"]
[BlackElo "2312"]
[PlyCount "104"]
[EventDate "2024.11.03"]
[EventType "team-tourn"]
[EventRounds "9"]
[EventCountry "HUN"]
[Source "chess.hu"]
[SourceDate "2024.11.17"]
[WhiteTeam "Zsambeki SBE"]
[BlackTeam "Barcza - BEAC I."]
[WhiteTeamCountry "HUN"]
[BlackTeamCountry "HUN"]

1. d4 d6 2. c4 e5 3. dxe5 dxe5 4. Qxd8+ Kxd8 5. Nf3 f6 6. Nc3 Be6 7. e4 Nd7 8.
a3 a5 9. Be3 a4 10. O-O-O Kc8 11. Nd5 Ne7 12. Kb1 Nc6 13. Ne1 Nc5 14. Bd3 Na5
15. Rc1 Kb8 16. Rc3 c6 17. Nb6 Ra6 18. Bxc5 Bxc5 19. Nxa4 Bxf2 20. c5 Ra7 21.
Bc2 Nc4 22. Rd3 Ne3 23. Nb6 Nxc2 24. Nxc2 Bxc5 25. Nd7+ Bxd7 26. Rxd7 b5 27.
Rhd1 Kc8 28. Rxa7 Bxa7 29. Nb4 Kc7 30. Rc1 c5 31. Na6+ Kd6 32. Rd1+ Kc6 33. Rc1
Rc8 34. Nxc5 Bxc5 35. b4 Kd6 36. bxc5+ Rxc5 37. Rd1+ Ke6 38. Rd8 Rc4 39. Rb8
Rxe4 40. Rxb5 h5 41. Rb2 Kd5 42. Rd2+ Rd4 43. Re2 f5 44. Kc2 g5 45. Kb3 Rd3+
46. Kb4 Kd4 47. a4 Rd1 48. a5 Rb1+ 49. Ka4 Ra1+ 50. Kb5 e4 51. Rd2+ Kc3 52. Rd5
e3 0-1

[Event "NB2 Breyer csoport"]
[Site "Budapest"]
[Date "2024.11.17"]
[Round "2.2"]
[White "Szamoskozi, Gabor"]
[Black "Rummel, Zsolt"]
[Result "1-0"]
[WhiteElo "2222"]
[BlackElo "2055"]
[PlyCount "43"]
[EventDate "2024.11.03"]
[EventType "team-tourn"]
[EventRounds "9"]
[EventCountry "HUN"]
[Source "chess.hu"]
[SourceDate "2024.11.17"]
[WhiteTeam "Barcza - BEAC I."]
[BlackTeam "Zsambeki SBE"]
[WhiteTeamCountry "HUN"]
[BlackTeamCountry "HUN"]

1. e4 c5 2. Nf3 d6 3. d4 cxd4 4. Nxd4 Nf6 5. Nc3 a6 6. Be2 e6 7. O-O Nbd7 8. f4
Nc5 9. Bf3 Be7 10. a3 Qc7 11. Be3 Bd7 12. g4 Bc6 13. Nxc6 Qxc6 14. e5 Nfe4 15.
exd6 O-O-O 16. Nxe4 Nxe4 17. dxe7 Rxd1 18. Raxd1 f5 19. Rd3 Qb5 20. Rfd1 Re8
21. Bxe4 fxe4 22. Rc3+ 1-0

[Event "NB2 Breyer csoport"]
[Site "Budapest"]
[Date "2024.11.17"]
[Round "2.4"]
[White "Fordan, Tibor"]
[Black "Gasparics, Akos"]
[Result "1-0"]
[WhiteElo "2106"]
[BlackElo "2038"]
[PlyCount "143"]
[EventDate "2024.11.03"]
[EventType "team-tourn"]
[EventRounds "9"]
[EventCountry "HUN"]
[Source "chess.hu"]
[SourceDate "2024.11.17"]
[WhiteTeam "Barcza - BEAC I."]
[BlackTeam "Zsambeki SBE"]
[WhiteTeamCountry "HUN"]
[BlackTeamCountry "HUN"]

1. d4 d5 2. c4 c6 3. Nc3 Nf6 4. cxd5 cxd5 5. Nf3 Nc6 6. Bf4 Nh5 7. Bd2 g6 8. e3
Bg7 9. Bb5 O-O 10. Qa4 Qd6 11. O-O Bg4 12. Bxc6 bxc6 13. Ne5 Bd7 14. Nxd7 Qxd7
15. Rac1 Rfc8 16. Rc2 e5 17. dxe5 Bxe5 18. Ne2 Nf6 19. Bc3 Bxc3 20. Nxc3 Qf5
21. Ne2 c5 22. Rfc1 c4 23. Nd4 Qd7 24. Qxd7 Nxd7 25. b3 Nb6 26. bxc4 Rxc4 27.
Kf1 Rac8 28. Ke2 Kf8 29. Kd3 Nd7 30. Rxc4 Ne5+ 31. Ke2 Nxc4 32. Rb1 Nb6 33. Rb5
Rc4 34. Ra5 Ra4 35. Rxa4 Nxa4 36. Kd2 Ke8 37. Nb5 Nc5 38. Nxa7 Ne4+ 39. Kd3
Nxf2+ 40. Kd4 Nd1 41. Nb5 Kd7 42. Nc3 Nb2 43. Nxd5 Kd6 44. e4 Na4 45. e5+ Ke6
46. g4 h6 47. Nf4+ Ke7 48. Nd3 f6 49. Nf4 fxe5+ 50. Kxe5 Kf7 51. Nd5 Nb2 52.
Nc3 Nc4+ 53. Kf4 Kf6 54. a4 Ke6 55. h4 Ne5 56. a5 Nd3+ 57. Ke3 Nb4 58. Ne4 Ke5
59. Nc3 g5 60. h5 Nc2+ 61. Kf3 Nd4+ 62. Kg3 Kd6 63. Ne4+ Ke5 64. a6 Nb5 65. Nd2
Kd5 66. Kf3 Nd4+ 67. Ke3 Nc6 68. Nf1 Kd6 69. Ke4 Kc7 70. Ne3 Nd8 71. Kf5 Nf7
72. Kg6 1-0

[Event "NB2 Breyer csoport"]
[Site "Budapest"]
[Date "2024.11.17"]
[Round "2.5"]
[White "Balog, Tamas"]
[Black "Medve, Mark"]
[Result "0-1"]
[WhiteElo "2033"]
[BlackElo "2162"]
[PlyCount "116"]
[EventDate "2024.11.03"]
[EventType "team-tourn"]
[EventRounds "9"]
[EventCountry "HUN"]
[Source "chess.hu"]
[SourceDate "2024.11.17"]
[WhiteTeam "Zsambeki SBE"]
[BlackTeam "Barcza - BEAC I."]
[WhiteTeamCountry "HUN"]
[BlackTeamCountry "HUN"]

1. d4 Nf6 2. c4 e6 3. Nc3 Bb4 4. Qc2 O-O 5. Nf3 d6 6. Bg5 Nbd7 7. e3 b6 8. Bd3
h6 9. Bh4 Bb7 10. O-O Bxc3 11. Qxc3 Re8 12. Nd2 e5 13. Bf5 Nf8 14. Rad1 Qe7 15.
d5 Nxd5 16. cxd5 Qxh4 17. e4 Re7 18. g3 Qf6 19. f4 Rd8 20. Bh3 Ng6 21. f5 Nf8
22. Nf3 Rc8 23. Qa3 a5 24. Qe3 Nd7 25. Rf2 Nc5 26. g4 c6 27. g5 hxg5 28. Rg2
cxd5 29. exd5 e4 30. Nxg5 Re5 31. Rgd2 Rce8 32. Bg4 Nd3 33. h4 Bxd5 34. Qxb6
Ba8 35. Qe3 d5 36. Rf1 R5e7 37. Bh5 d4 38. Qg3 Bd5 39. b3 Rf8 40. Kh2 Qe5 41.
f6 Qxg3+ 42. Kxg3 gxf6 43. Rxf6 Kg7 44. Rd6 Re5 45. Be2 Nc1 46. Kf4 Rfe8 47.
Bb5 R8e7 48. Rg2 e3 49. Ne4+ Kf8 50. Rd8+ Re8 51. Rxe8+ Rxe8 52. Bxe8 e2 53.
Rg1 Nd3+ 54. Kf5 e1=Q 55. Rxe1 Nxe1 56. Nf6 Bf3 57. Bb5 d3 58. h5 d2 0-1

[Event "NB2 Breyer csoport"]
[Site "Budapest"]
[Date "2024.11.17"]
[Round "2.6"]
[White "Martin, Bela Jr"]
[Black "Nagy, Gyorgy"]
[Result "1-0"]
[WhiteElo "2052"]
[BlackElo "1903"]
[PlyCount "49"]
[EventDate "2024.11.03"]
[EventType "team-tourn"]
[EventRounds "9"]
[EventCountry "HUN"]
[Source "chess.hu"]
[SourceDate "2024.11.17"]
[WhiteTeam "Barcza - BEAC I."]
[BlackTeam "Zsambeki SBE"]
[WhiteTeamCountry "HUN"]
[BlackTeamCountry "HUN"]

1. e4 c5 2. Nf3 Nc6 3. Nc3 a6 4. d4 cxd4 5. Nxd4 e6 6. Nxc6 bxc6 7. Bd3 d5 8.
O-O Qc7 9. Re1 Nf6 10. Qf3 d4 11. e5 Nd7 12. Ne4 Bb7 13. Nd6+ Bxd6 14. exd6
Qxd6 15. Bf4 Qe7 16. Qg3 c5 17. c3 Rc8 18. cxd4 cxd4 19. Qxg7 Qf6 20. Qg3 h5
21. h4 Rf8 22. Rac1 Qh8 23. Rxc8+ Bxc8 24. Bg5 Rg8 25. Qc7 1-0

[Event "NB2 Breyer csoport"]
[Site "Budapest"]
[Date "2024.11.17"]
[Round "2.7"]
[White "Tessedik, Karoly"]
[Black "Szekacs, Mark"]
[Result "0-1"]
[WhiteElo "1871"]
[BlackElo "2019"]
[PlyCount "97"]
[EventDate "2024.11.03"]
[EventType "team-tourn"]
[EventRounds "9"]
[EventCountry "HUN"]
[Source "chess.hu"]
[SourceDate "2024.11.17"]
[WhiteTeam "Zsambeki SBE"]
[BlackTeam "Barcza - BEAC I."]
[WhiteTeamCountry "HUN"]
[BlackTeamCountry "HUN"]

1. c4 Nf6 2. Nc3 d5 3. cxd5 Nxd5 4. g3 g6 5. Bg2 Nb6 6. Nf3 Bg7 7. d3 O-O 8.
O-O Nc6 9. a3 a5 10. Be3 h6 11. Rc1 Kh7 12. Qc2 f5 13. Bxb6 cxb6 14. e3 e5 15.
Nd2 Be6 16. Rfd1 Rc8 17. Nc4 Bxc4 18. dxc4 Qe8 19. Nb5 Qe7 20. Rd5 e4 21. Rcd1
Ne5 22. b3 a4 23. Bf1 axb3 24. Qxb3 Rf6 25. Nc3 Rfc6 26. Rb5 Nf3+ 27. Kg2 Bxc3
28. Qxc3 Rc5 29. Rxb6 Ne5 30. Qb3 R8c7 31. Rb1 Nxc4 32. Bxc4 Rxc4 33. Rxb7 g5
34. a4 f4 35. exf4 gxf4 36. gxf4 Qg7+ 37. Kf1 Qg4 38. Rxc7+ Rxc7 39. Qe3 Qg6
40. a5 Rg7 41. Rb4 Qa6+ 42. Ke1 Qxa5 43. Qxe4+ Kh8 44. Qe8+ Kh7 45. Qb5 Qa1+
46. Ke2 Re7+ 47. Kf3 Qh1+ 48. Kg4 Qg2+ 49. Kh5 0-1

[Event "NB2 Breyer csoport"]
[Site "Budapest"]
[Date "2024.11.17"]
[Round "2.8"]
[White "Palczert, Botond"]
[Black "Metzger, Istvan"]
[Result "1/2-1/2"]
[WhiteElo "1978"]
[BlackElo "1825"]
[PlyCount "97"]
[EventDate "2024.11.03"]
[EventType "team-tourn"]
[EventRounds "9"]
[EventCountry "HUN"]
[Source "chess.hu"]
[SourceDate "2024.11.17"]
[WhiteTeam "Barcza - BEAC I."]
[BlackTeam "Zsambeki SBE"]
[WhiteTeamCountry "HUN"]
[BlackTeamCountry "HUN"]

1. d4 Nf6 2. c4 g6 3. f3 Bg7 4. e4 d6 5. Nc3 O-O 6. Bg5 Nbd7 7. Nh3 Nb6 8. Nf2
c5 9. d5 Nfd7 10. Qd2 Ne5 11. b3 Re8 12. Be2 f6 13. Be3 Bd7 14. Rd1 Nf7 15. h4
Qc8 16. O-O Ne5 17. Bh6 Rf8 18. Rfe1 Nf7 19. Bxg7 Kxg7 20. f4 Nh6 21. a4 Rb8
22. Bf3 Nf7 23. Qe2 a6 24. Nd3 Nh6 25. Nf2 Nf7 26. Nd3 Nh6 27. Nf2 Nf7 28. Ng4
h5 29. Nf2 Nh6 30. f5 gxf5 31. Bxh5 Be8 32. Rd3 f4 33. Nh3 Bxh5 34. Qxh5 Qg4
35. Qxg4+ Nxg4 36. Nxf4 Kh6 37. Rg3 Rg8 38. Nce2 Nd7 39. Rc3 Nde5 40. Ng3 Rge8
41. Nf5+ Kh7 42. Ne6 a5 43. Rg3 b6 44. Kf1 Rb7 45. Ke2 Rg8 46. Rh1 Ra7 47. Rhh3
Rb7 48. Ne3 Rbb8 49. Nf5 1/2-1/2

[Event "NB2 Breyer csoport"]
[Site "Budapest"]
[Date "2024.11.17"]
[Round "2.9"]
[White "Horvath, Csaba"]
[Black "Kelemen, Szabolcs"]
[Result "0-1"]
[WhiteElo "1790"]
[BlackElo "1963"]
[PlyCount "54"]
[EventDate "2024.11.03"]
[EventType "team-tourn"]
[EventRounds "9"]
[EventCountry "HUN"]
[Source "chess.hu"]
[SourceDate "2024.11.17"]
[WhiteTeam "Zsambeki SBE"]
[BlackTeam "Barcza - BEAC I."]
[WhiteTeamCountry "HUN"]
[BlackTeamCountry "HUN"]

1. d4 Nf6 2. c4 g6 3. Nc3 d5 4. Nf3 Bg7 5. e3 c5 6. dxc5 Qa5 7. Qa4+ Qxa4 8.
Nxa4 Ne4 9. Rb1 Bf5 10. cxd5 Nxc5 11. Bb5+ Ncd7 12. Ra1 a6 13. Nb6 axb5 14.
Nxa8 Na6 15. Nd4 Bd3 16. Kd2 Bc4 17. a4 b4 18. Nb5 Nac5 19. Nac7+ Kd8 20. Rb1
Ba2 21. Ke2 Bxb1 22. Rd1 Bc2 23. Rd2 Bxa4 24. f4 Na6 25. b3 Bxb3 26. d6 exd6
27. Rxd6 Nxc7 0-1

[Event "NB2 Breyer csoport"]
[Site "Budapest"]
[Date "2024.11.17"]
[Round "2.10"]
[White "Isepy, Tamas"]
[Black "Szendeff, Miklos"]
[Result "1-0"]
[WhiteElo "1974"]
[BlackElo "1743"]
[PlyCount "46"]
[EventDate "2024.11.03"]
[EventType "team-tourn"]
[EventRounds "9"]
[EventCountry "HUN"]
[Source "chess.hu"]
[SourceDate "2024.11.17"]
[WhiteTeam "Barcza - BEAC I."]
[BlackTeam "Zsambeki SBE"]
[WhiteTeamCountry "HUN"]
[BlackTeamCountry "HUN"]

1. e4 d5 2. exd5 Qxd5 3. Nc3 Qd6 4. g3 Nf6 5. d4 a6 6. Bg2 Nc6 7. d5 Ne5 8. Bf4
Bf5 9. Qd4 Nfd7 10. O-O-O f6 11. Re1 g5 12. Be3 h5 13. Be4 e6 14. Bxf5 exf5 15.
f4 gxf4 16. Qxf4 O-O-O 17. Qxf5 Nc4 18. Nh3 Kb8 19. Bd4 Qb4 20. Nd1 Qd2+ 21.
Kb1 Qxd4 22. Nf4 Nc5 23. c3 Qf2 1-0

[Event "NB2 Breyer csoport"]
[Site "Budapest"]
[Date "2024.11.17"]
[Round "2.11"]
[White "Sebestyen, Boldizsar"]
[Black "Tancz, Janos"]
[Result "0-1"]
[WhiteElo "1598"]
[BlackElo "1824"]
[PlyCount "58"]
[EventDate "2024.11.03"]
[EventType "team-tourn"]
[EventRounds "9"]
[EventCountry "HUN"]
[Source "chess.hu"]
[SourceDate "2024.11.17"]
[WhiteTeam "Zsambeki SBE"]
[BlackTeam "Barcza - BEAC I."]
[WhiteTeamCountry "HUN"]
[BlackTeamCountry "HUN"]

1. e4 c5 2. Nf3 Nc6 3. Bc4 g6 4. d4 cxd4 5. Nxd4 Bg7 6. c3 d6 7. Nd2 Nxd4 8.
cxd4 Bxd4 9. Nf3 Bg7 10. e5 Qc7 11. Bb5+ Bd7 12. Bxd7+ Qxd7 13. Bf4 d5 14. O-O
e6 15. Qd2 Ne7 16. Bh6 O-O 17. Rac1 Rac8 18. Qg5 Nf5 19. Bxg7 Kxg7 20. g4 Ne7
21. h4 Nc6 22. h5 Qe7 23. h6+ Kg8 24. Qxe7 Nxe7 25. Rc3 Rxc3 26. bxc3 Rc8 27.
Rc1 Rc4 28. g5 Nc6 29. Nd2 Rg4+ 0-1

[Event "NB2 Breyer csoport"]
[Site "Budapest"]
[Date "2024.11.17"]
[Round "2.12"]
[White "Hogyinszki, Marcell Csaba"]
[Black "Balogh, Fulop"]
[Result "1-0"]
[WhiteElo "1734"]
[BlackElo "1465"]
[PlyCount "77"]
[EventDate "2024.11.03"]
[EventType "team-tourn"]
[EventRounds "9"]
[EventCountry "HUN"]
[Source "chess.hu"]
[SourceDate "2024.11.17"]
[WhiteTeam "Barcza - BEAC I."]
[BlackTeam "Zsambeki SBE"]
[WhiteTeamCountry "HUN"]
[BlackTeamCountry "HUN"]

1. e4 e5 2. Nc3 Nf6 3. f4 d6 4. Nf3 Bg4 5. h3 Bxf3 6. Qxf3 Nbd7 7. Bc4 c6 8.
O-O Be7 9. d3 O-O 10. Bb3 Nc5 11. fxe5 dxe5 12. Bg5 Nxb3 13. axb3 Nd7 14. Be3
b6 15. Ne2 Bc5 16. d4 exd4 17. Nxd4 Ne5 18. Qf2 Qc7 19. Qg3 Bxd4 20. Bxd4 f6
21. Rf5 Rae8 22. Raf1 Re6 23. Bxe5 Rxe5 24. Rxf6 Rxf6 25. Rxf6 Re7 26. Rf4 Rf7
27. Rf3 Qe7 28. Qb8+ Rf8 29. Rxf8+ Qxf8 30. Qxf8+ Kxf8 31. Kf2 Ke7 32. Ke3 Ke6
33. b4 g5 34. Kd4 h5 35. c4 a6 36. e5 b5 37. cxb5 cxb5 38. g3 g4 39. h4 1-0

[Event "NB2 Breyer csoport"]
[Site "Zsambek"]
[Date "2024.12.01"]
[Round "3.1"]
[White "Kiss, Viktor"]
[Black "Gal, Tamas"]
[Result "1/2-1/2"]
[WhiteElo "2192"]
[BlackElo "2232"]
[PlyCount "57"]
[GameId "2119681974806619"]
[EventDate "2024.11.03"]
[EventType "team-tourn"]
[EventRounds "9"]
[EventCountry "HUN"]
[Source "chess.hu"]
[WhiteTeam "Fehervari SE"]
[BlackTeam "Zsambeki SBE"]
[WhiteTeamCountry "HUN"]
[BlackTeamCountry "HUN"]

1. e4 c6 2. d4 d5 3. Nc3 dxe4 4. Nxe4 Nf6 5. Nxf6+ exf6 6. Bc4 Na6 7. c3 Nc7 8. Ne2 Bd6 9. Bf4 O-O 10. O-O Be6 11. Bd3 Re8 12. Qd2 Nd5 13. Bxd6 Qxd6 14. c4 Nc7 15. Rfd1 Rad8 16. Rac1 Bg4 17. f3 Bh5 18. Qf4 Bg6 19. Qxd6 Rxd6 20. Rc2 Kf8 21. Kf2 Red8 22. Rcd2 b5 23. cxb5 Bxd3 24. Rxd3 Nxb5 25. a4 Nc7 26. Nc3 f5 27. f4 Rb8 28. Rb1 Nd5 29. Nxd5 1/2-1/2

[Event "NB2 Breyer csoport"]
[Site "Zsambek"]
[Date "2024.12.01"]
[Round "3.2"]
[White "Rummel, Zsolt"]
[Black "Albrecht, Gabor"]
[Result "1/2-1/2"]
[WhiteElo "2039"]
[BlackElo "2133"]
[PlyCount "56"]
[GameId "2119682013411435"]
[EventDate "2024.11.03"]
[EventType "team-tourn"]
[EventRounds "9"]
[EventCountry "HUN"]
[Source "chess.hu"]
[WhiteTeam "Zsambeki SBE"]
[BlackTeam "Fehervari SE"]
[WhiteTeamCountry "HUN"]
[BlackTeamCountry "HUN"]

1. d4 d5 2. c4 e6 3. Nc3 Be7 4. Nf3 Nf6 5. Bg5 h6 6. Bh4 O-O 7. e3 b6 8. cxd5 Nxd5 9. Bxe7 Qxe7 10. Nxd5 exd5 11. Rc1 Be6 12. Be2 c5 13. O-O Nd7 14. Qa4 a5 15. Bb5 Rfc8 16. a3 Nf6 17. Ne5 Qd6 18. f3 Rc7 19. Rc3 cxd4 20. Qxd4 Rxc3 21. Qxc3 Rc8 22. Qd4 Rc5 23. Bd3 Qc7 24. Kf2 Ne8 25. Bb1 Rc1 26. Rxc1 Qxc1 27. Bd3 Qd2+ 28. Be2 Qxd4 1/2-1/2

[Event "NB2 Breyer csoport"]
[Site "Zsambek"]
[Date "2024.12.01"]
[Round "3.3"]
[White "Csire, Bence"]
[Black "Gasparics, Akos"]
[Result "1-0"]
[WhiteElo "2119"]
[BlackElo "2030"]
[PlyCount "105"]
[GameId "2119682045425787"]
[EventDate "2024.11.03"]
[EventType "team-tourn"]
[EventRounds "9"]
[EventCountry "HUN"]
[Source "chess.hu"]
[WhiteTeam "Fehervari SE"]
[BlackTeam "Zsambeki SBE"]
[WhiteTeamCountry "HUN"]
[BlackTeamCountry "HUN"]

1. e4 e6 2. d4 d5 3. Nd2 c5 4. exd5 Qxd5 5. Ngf3 Nc6 6. Bc4 Qd7 7. Nb3 cxd4 8. Nbxd4 Nf6 9. Bf4 Bc5 10. Nb5 Qxd1+ 11. Rxd1 Bb6 12. Nd6+ Ke7 13. O-O Rd8 14. h3 a6 15. Rfe1 Bc5 16. Nf5+ Kf8 17. Rxd8+ Nxd8 18. Bd6+ Bxd6 19. Nxd6 b5 20. Be2 Nc6 21. Ng5 Nd8 22. Rd1 h6 23. Bf3 Rb8 24. Nge4 Nxe4 25. Nxe4 Ke7 26. b4 Rb6 27. Nc5 Nc6 28. Bxc6 Rxc6 29. Kf1 e5 30. c3 Be6 31. Ra1 Bc4+ 32. Ke1 a5 33. a4 bxa4 34. Rxa4 axb4 35. cxb4 Bd5 36. Ra7+ Ke8 37. g3 Rb6 38. Ra4 Rb5 39. Kd2 Bc6 40. Ra6 Bg2 41. Kc3 Bxh3 42. Ne4 Rb8 43. Ra7 Rb6 44. Kc4 Be6+ 45. Kc5 Rb8 46. Nd6+ Kf8 47. b5 f5 48. b6 f4 49. gxf4 exf4 50. b7 Rxb7 51. Rxb7 h5 52. Kd4 h4 53. Ke5 1-0

[Event "NB2 Breyer csoport"]
[Site "Zsambek"]
[Date "2024.12.01"]
[Round "3.4"]
[White "Bitto, Zoltan"]
[Black "Fellegi, Zoltan"]
[Result "0-1"]
[WhiteElo "1997"]
[BlackElo "2067"]
[PlyCount "74"]
[GameId "2119682086877323"]
[EventDate "2024.11.03"]
[EventType "team-tourn"]
[EventRounds "9"]
[EventCountry "HUN"]
[Source "chess.hu"]
[WhiteTeam "Zsambeki SBE"]
[BlackTeam "Fehervari SE"]
[WhiteTeamCountry "HUN"]
[BlackTeamCountry "HUN"]

1. d4 Nf6 2. c4 e6 3. Nc3 Bb4 4. Nf3 b6 5. e3 Bb7 6. Bd3 c5 7. O-O O-O 8. a3 Bxc3 9. bxc3 Be4 10. Ng5 d5 11. Nxe4 dxe4 12. Bc2 Nc6 13. f3 Na5 14. fxe4 e5 15. Qe2 Rc8 16. d5 Ne8 17. Rb1 Nd6 18. Bd3 Qg5 19. Bd2 f5 20. exf5 e4 21. Bc2 Naxc4 22. Bb3 Nxd2 23. Qxd2 Rxf5 24. Rxf5 Qxf5 25. Rf1 Qg5 26. Qf2 Qe7 27. c4 Rf8 28. Qxf8+ Qxf8 29. Rxf8+ Kxf8 30. Kf2 Ke7 31. h4 Kf6 32. g4 Ke5 33. a4 a6 34. Ke1 b5 35. cxb5 axb5 36. a5 c4 37. Ba2 Kxd5 0-1